Cargando...

Model solutions to IIT entrance examination 1977-82. /

Detalles Bibliográficos
Idioma:Undetermined
Publicado: Tata McGraw Hill , 1982.
Subjects:
LEADER 00478nam a2200133Ia 4500
001 4832
008 170722s9999 xx 000 0 und d
245 |a Model solutions to IIT entrance examination 1977-82. / 
260 |b Tata McGraw Hill ,  |c 1982. 
300 |a vp  |c 24.5cms 
653 |a Competitive Exam Guides,generalia 
942 |c GEN 
999 |c 101339  |d 101339 
952 |0 0  |1 0  |4 0  |6 ZOBT_55_MM27CR  |7 0  |8 CR  |9 142224  |a LIB  |b LIB  |d 2013-03-25  |o zobT:5,5 mM27(CR)  |p 188940  |r 2017-08-12  |v 36.00  |w 2017-08-12  |y GEN